Guess the random Taylor Swift Song Lyrics 135 - Statistics

General Stats
  • This quiz has been taken 14 times
  • The average score is 168 of 289
Answer Stats
Answer % Correct
a
100%
the
100%
The
100%
I
91%
is
91%
Is
91%
it
91%
my
91%
No
91%
when
91%
you
91%
You
91%
and
82%
And
82%
be
82%
for
82%
I'm
82%
it's
82%
It's
82%
me
82%
to
82%
your
82%
Your
82%
you're
82%
If
73%
if
73%
in
73%
like
73%
now
73%
of
73%
see
73%
that
73%
with
73%
But
64%
but
64%
I'd
64%
never
64%
on
64%
All
55%
could
55%
friend
55%
got
55%
had
55%
I'll
55%
just
55%
would
55%
Would
55%
As
45%
as
45%
die
45%
gone
45%
has
45%
heart
45%
know
45%
love's
45%
only
45%
there's
45%
these
45%
think
45%
around
36%
'Cause
36%
corner
36%
enough
36%
friends
36%
give
36%
Give
36%
gonna
36%
keep
36%
Our
36%
secret
36%
show
36%
two
36%
always
27%
best
27%
brother
27%
child
27%
clear
27%
come
27%
danger
27%
details
27%
devil's
27%
each
27%
Family
27%
fire
27%
lives
27%
long
27%
ocean
27%
other
27%
peace
27%
people
27%
small
27%
talk
27%
understand
27%
wave
27%
age
18%
blues
18%
brittle
18%
cascade
18%
chose
18%
clowns
18%
comes
18%
coming
18%
convictions
18%
courage
18%
darling
18%
dreamscapes
18%
east
18%
fences
18%
honor
18%
integrity
18%
makes
18%
near
18%
paint
18%
rain
18%
robbers
18%
seem
18%
shit
18%
silence
18%
Sit
18%
standing
18%
Suddenly
18%
summer
18%
sunshine
18%
swing
18%
trenches
18%
wall
18%
warm
18%
wasting
18%
west
18%
wild
18%
No matching quizzes found
Score Distribution
Percent of People with Each Score
Percentile by Number Answered
Your Score History
You have not taken this quiz